| 000 | 00988nam a2200337 4500 | ||
|---|---|---|---|
| 001 | 225157 | ||
| 003 | DO-SdBNP | ||
| 005 | 20180126104806.0 | ||
| 007 | 225157 | ||
| 008 | 840418s1984 sp a 000 spa | ||
| 016 | 7 |
_a _z _2BPMUS |
|
| 017 |
_a _b |
||
| 020 | _a8427933053 | ||
| 035 | _a | ||
| 040 |
_a BPMSU _bspa _cBPMSU _e |
||
| 041 | 1 |
_aspa _h |
|
| 080 | 0 | _a | |
| 100 | 1 |
_aEnde, Michael _d1929-1995 |
|
| 240 | 1 | 0 |
_aJim Knopf und die Wilde 13 _lespañol |
| 245 | 1 | 0 |
_aJim Botón y los 13 salvajes / _h _cMichael Ende ; dibujos de F.J. Tripp ; traducción Adriana Matons de Malagrida] |
| 250 | _a5ª ed. | ||
| 260 |
_aBarcelona : _bNoguer _c1984 |
||
| 300 |
_a253 p. _bil. _c20 cm |
||
| 490 | 0 |
_aColección Mundo mágico _v4 |
|
| 700 | 1 |
_aTripp, F. J. _eil. |
|
| 700 | 1 |
_aMatons de Malagrida, Adriana _etr. |
|
| 830 |
_aColección Mundo mágico _p _v4 |
||
| 942 |
_2ddc _cBK |
||
| 945 | _aInventariado, 2018 / BT | ||
| 956 |
_aVMATEO _210 _320160331 _6BPMSU _80069 |
||
| 999 |
_c9469 _d9469 |
||